Biosignal transduction mechanisms
में बचाया:
| स्वरूप: | पुस्तक |
|---|---|
| भाषा: | Undetermined |
| प्रकाशित: |
Tokyo
Japan scientific societies press
1989
|
| विषय: | |
| टैग : |
टैग जोड़ें
कोई टैग नहीं, इस रिकॉर्ड को टैग करने वाले पहले व्यक्ति बनें!
|
| Thư viện lưu trữ: | Trung tâm Học liệu Trường Đại học Cần Thơ |
|---|
| LEADER | 00491nam a2200169Ia 4500 | ||
|---|---|---|---|
| 001 | CTU_127178 | ||
| 008 | 210402s9999 xx 000 0 und d | ||
| 082 | |a 572.4 | ||
| 082 | |b B615 | ||
| 245 | 0 | |a Biosignal transduction mechanisms | |
| 245 | 0 | |c Edited by Michiki Kasai, Tohru Yoshioka, Hideo Suzuki | |
| 260 | |a Tokyo | ||
| 260 | |b Japan scientific societies press | ||
| 260 | |c 1989 | ||
| 650 | |a Biosignal | ||
| 904 | |i Hiếu | ||
| 980 | |a Trung tâm Học liệu Trường Đại học Cần Thơ | ||